| 000 | 00566nam a2200217 a 4500 | ||
|---|---|---|---|
| 005 | 20210219152945.0 | ||
| 008 | 991125n 000 0 spa u | ||
| 035 | _aUPN01000068878 | ||
| 100 | _aMINUJIN ZMUD, Alicia | ||
| 222 | _aEDUCACION (CUBA) | ||
| 245 | _a¿La conducta se aprende? | ||
| 300 | _a59-67 | ||
| 362 | _a1974 Año 4, no. 15, oct.-dic. | ||
| 653 | 0 | _aCONDUCTA | |
| 653 | 0 | _aDESARROLLO INFANTIL | |
| 653 | 0 | _aMOTIVACION | |
| 653 | 0 | _aPERSONALIDAD | |
| 700 | _aAVENDAÑO OLIVERA, Rita, coaut. | ||
| 904 |
_aAC _b006689 |
||
| 905 | _aArticulo | ||
| 999 |
_c64733 _d64733 |
||